|
|
|
|
| LEADER |
00000nam a2200000 a 4500 |
| 001 |
vtls001430354 |
| 003 |
SK-MaSNL |
| 005 |
20260302001850.0 |
| 008 |
160627s2001 xo 0 slo |
| 015 |
|
|
|a SNBJ2002/01-00398
|
| 035 |
|
|
|a SNK000385380
|
| 040 |
|
|
|a SNK
|b slo
|c SNK
|e AACR2
|
| 041 |
0 |
|
|a slo
|
| 044 |
|
|
|a xo
|c SK
|
| 080 |
|
|
|a 784.66:785.1(086.7)
|2 1981
|
| 245 |
1 |
|
|a Horkýže slíže. Festival chorobná 2001
|h zvukový dokument
|
| 260 |
|
|
|a Praha
|b Monitor-EMI
|c 2001
|
| 300 |
|
|
|a 1 kompaktná platňa (44 min. 18 sek.)
|b stereo
|
| 500 |
|
|
|a Fotograf Vlado Jánsky
|
| 505 |
0 |
|
|a Obsahuje 19 piesní
|
| 511 |
|
|
|a Účinkuje hudobná skupina Horkýže slíže
|
| 650 |
0 |
7 |
|a populárna hudba
|x rock
|x platne kompaktné
|2 SNK
|9 296718
|
| 650 |
0 |
7 |
|a rock
|2 SNK
|9 3179
|
| 655 |
|
7 |
|a kompaktné platne
|2 SNK
|9 70690
|
| 700 |
1 |
|
|a Jánsky, Vlado
|4 fot
|9 314237
|
| 710 |
0 |
|
|a Horkýže Slíže (hudobná skupina)
|4 uci
|9 34977
|
| 999 |
|
|
|c 985671
|d 987601
|
| 952 |
|
|
|a SNK
|b SNK
|y PREZ
|7 0
|p 17A0511031
|o snkSCD 1277 D1
|i snk2006/10323
|8 3
|g 5.31
|0 0
|1 0
|4 0
|d 2006-05-23
|l 0
|r 2026-02-24 11:32:11
|w 2026-02-24
|
| 952 |
|
|
|t P60, <03>, [BOOK], {603}
|a SNK
|b SNK
|y PREZ
|7 0
|p 17A0334936
|o snkSCD 1277
|i snkJK 61/2002
|0 0
|1 0
|4 0
|d 2002-03-04
|l 0
|r 2005-01-02 00:00:00
|w 2026-02-24
|